| 000 | 00434nam a22001817a 4500 | ||
|---|---|---|---|
| 003 | MPLRDC | ||
| 005 | 20220104113804.0 | ||
| 008 | 210129b ||||| |||| 00| 0 eng d | ||
| 020 | _a7-80120-874-9 | ||
| 082 | _a420 WJY | ||
| 100 | _a王军云编 | ||
| 245 |
_a万事不求人 _c |
||
| 250 | _a一版二刷 | ||
| 260 |
_a中国 _b华侨出版社 _c2004 |
||
| 300 | _b382 | ||
| 650 | _a家事;家政总论 | ||
| 942 |
_cBK _o420 WJY |
||
| 999 |
_c2366 _d2356 |
||